Propuesta de modernización de la Fuerza Aérea de República Dominicana (2016-2020): Análisis diagnóstico de la Dirección de Operaciones Aéreas (A-3) / (Registro nro. 1477)
[ vista simple ]
| 000 -CABECERA | |
|---|---|
| campo de control de longitud fija | 01950nam a22002657a 4500 |
| 003 - IDENTIFICADOR DEL NÚMERO DE CONTROL | |
| campo de control | OSt |
| 005 - FECHA Y HORA DE LA ÚLTIMA TRANSACCIÓN | |
| campo de control | 20191009215302.0 |
| 008 - DATOS DE LONGITUD FIJA--INFORMACIÓN GENERAL | |
| campo de control de longitud fija | 170814b xxu||||| |||| 00| 0 esp d |
| 040 ## - FUENTE DE LA CATALOGACIÓN | |
| Centro/agencia transcriptor | DO-SdBJH |
| Centro catalogador/agencia de origen | DO-SdBJH |
| Lengua de catalogación | spa |
| 090 ## - LOCALMENTE ASIGNADO TIPO-LC NÚMERO DE CLASIFICACIÓN (OCLC); NÚMERO DE CLASIFICACIÓN LOCAL (RLIN) | |
| Número de clasificación (OCLC) (R) ; Numero de clasificación, CALL (RLIN) (NR) | TG AAFFM |
| Número cutter local (OCLC) ; Número de libro/Signatura topográfica íntegra, CALL (RLIN) | 01009 2015 |
| 100 1# - ENTRADA PRINCIPAL--NOMBRE DE PERSONA | |
| Nombre de persona | Cornelio Farías, Danny Ferrer |
| Término indicativo de función/relación | sustentante |
| 245 10 - MENCIÓN DE TÍTULO | |
| Título | Propuesta de modernización de la Fuerza Aérea de República Dominicana (2016-2020): Análisis diagnóstico de la Dirección de Operaciones Aéreas (A-3) / |
| Mención de responsabilidad, etc. | Danny Ferrer Cornelio Farías, Laury de Jesús Barrera Hernández, asesores Gabriel Martínez Santana, Tebi Enrique Rodríguez Hernández |
| 260 ## - PUBLICACIÓN, DISTRIBUCIÓN, ETC. | |
| Lugar de publicación, distribución, etc. | Santo Domingo Este : |
| Nombre del editor, distribuidor, etc. | INSUDE, |
| Fecha de publicación, distribución, etc. | 2015 |
| 300 ## - DESCRIPCIÓN FÍSICA | |
| Extensión | xiv, 34 páginas, ilustraciones-tablas-gráficos |
| 502 ## - NOTA DE TESIS | |
| Nota de tesis | Trabajo de grado (Licenciatura en Ciencias Aeronáuticas) -- Instituto Superior para la Defensa (INSUDE). -- Academia Aérea Gral. De Brigada Piloto Frank Andrés Feliz Miranda, 2015.<br/><br/> |
| 504 ## - NOTA DE BIBLIOGRAFÍA, ETC. | |
| Nota de bibliografía, etc. | Incluye referencias bibliográficas e índices |
| 505 ## - NOTA DE CONTENIDO CON FORMATO | |
| Nota de contenido con formato | Antecedentes operacional de la Dirección de operaciones Aéreas (A-3) Fuerza Aérea de República Dominicana. -- Aspectos generales a modernizar de la Dirección de Operaciones Aéreas (A-3) Fuerza Aérea de República Dominicana. -- Propuesta de modernización de la Fuerza Aérea de República Dominicana (2016-2020): Análisis diagnostico de la Dirección de Operación Aéreas (A-3) |
| 650 #4 - PUNTO DE ACCESO ADICIONAL DE MATERIA--TÉRMINO DE MATERIA | |
| Término de materia o nombre geográfico como elemento de entrada | Análisis de la Dirección de Operaciones Aéreas (A-3) -- Modernización (propuesta) |
| 651 #4 - PUNTO DE ACCESO ADICIONAL DE MATERIA--NOMBRE GEOGRÁFICO | |
| Nombre geográfico | República Dominicana. Fuerza Aérea -- Dirección de Operaciones Aéreas |
| 700 1# - PUNTO DE ACCESO ADICIONAL--NOMBRE DE PERSONA | |
| Nombre de persona | Barrera Hernández, Laury de Jesús |
| Término indicativo de función/relación | sustentante |
| 700 1# - PUNTO DE ACCESO ADICIONAL--NOMBRE DE PERSONA | |
| Nombre de persona | Martínez Santana, Gabriel |
| Término indicativo de función/relación | asesor |
| 700 1# - PUNTO DE ACCESO ADICIONAL--NOMBRE DE PERSONA | |
| Nombre de persona | Rodríguez Hernández, Tebi Enrique |
| Término indicativo de función/relación | asesor |
| 830 ## - PUNTO DE ACCESO ADICIONAL DE SERIE-TÍTULO UNIFORME | |
| Título uniforme | INSUDE. Academia Aérea Gral. De Brig. Pil. Frank Andrés Feliz Miranda. Tesis y disertaciones académicas |
| 942 ## - ELEMENTOS DE PUNTO DE ACCESO ADICIONAL (KOHA) | |
| Fuente del sistema de clasificación o colocación | Clasificación Local |
| Tipo de ítem Koha | Tesis |
| Estado de retiro | Estado de pérdida | Fuente del sistema de clasificación o colocación | Estado dañado | No para préstamo | Código de colección | Localización permanente | Ubicación/localización actual | Fecha de adquisición | Número de inventario | Total de préstamos | Signatura topográfica completa | Código de barras | Fecha visto por última vez | Número de copia | Precio válido a partir de | Tipo de ítem Koha |
|---|---|---|---|---|---|---|---|---|---|---|---|---|---|---|---|---|
| Clasificación Local | Préstamo Interno | Trabajos de Grado e Investigción | SIBM UNADE - Biblioteca Sede Central | SIBM UNADE - Biblioteca Sede Central | 08/14/2017 | 15-01009 | TG AAFFM 01009 2015 | 15-1009 | 10/06/2018 | e.1 | 08/14/2017 | Tesis |
